Casa, hogar y cielo (Registro nro. 310139)
[ vista simple ]
| 000 -ENCABEZADO | |
|---|---|
| Número de control [NR] | 01132nam a2200253 a 4500 |
| 001 - NÚMERO DE CONTROL | |
| control field | C01590111c-5 |
| 005 - FECHA Y HORA DE LA ÚLTIMA TRANSACCIÓN | |
| control field | 20180711082523.0 |
| 008 - DE LONGITUD FIJA DE DATOS DE ELEMENTOS - INFORMACIÓN GENERAL | |
| Elementos de longitud fija [NR] | 180711s2017 ck ao gr 001 0 spa d |
| 020 ## - NUMERO INTERNACIONAL NORMALIZADO PARA LIBROS [R] | |
| Número Internacional Normalizado del libro [NR] | 9789587831061 |
| 040 ## - FUENTE DE CATALOGACION [NR] | |
| Agencia de catalogación original [NR] | CO-BoUCM |
| Idioma de catalogación [NR] | spa |
| Quien Cataloga | Saul Niño |
| Quien Clasifica | Saul Niño |
| 041 0# - CODIGO DE IDIOMA [R] | |
| Código de idioma para texto/pista de sonido o título separado [R] | Español |
| 043 ## - CODIGO DE AREA GEOGRAFICA [NR] | |
| Código de área geográfica [R] | s-ck--- |
| 100 1# - ASIENTO PRINCIPAL--NOMBRE PERSONAL [NR] | |
| Nombre personal [NR] | Chávez Giraldo, Juan David |
| Fechas asociadas con el nombre [NR] | 1966- |
| ID Autoridad | 85876 |
| 245 10 - MENCION DE TITULO [NR] | |
| Título [NR] | Casa, hogar y cielo |
| Parte restante del título [NR] | las tres miradas debreyanas sobre el espacio doméstico en el valle de los aburráes |
| Mención de responsabilidad, etc. [NR] | Juan David Chávez Giraldo |
| 260 ## - PUBLICACION, DISTRIBUCION, ETC. (PIE DE IMPRENTA) [R] | |
| Lugar de publicación, distribución, etc. [R] | Bogotá |
| Nombre del editor, distribuidor, etc. [R] | Universidad Nacional de Colombia. Facultad de Arquitectura |
| Fecha de publicación, distribución, etc. [R] | 2017 |
| 300 ## - DESCRIPCION FISICA [R] | |
| Extensión [R] | 255 páginas |
| Otros detalles físicos [NR] | ilustraciones, fotografías |
| 490 0# - MENCION DE SERIE [R] | |
| Mención de serie [R] | Colección Arquitectura, Hábitat y Urbanismo |
| 600 14 - ASIENTO SECUNDARIO DE MATERIA - NOMBRE PERSONAL [R] | |
| Nombre personal [NR] | Debray, Régis |
| Fechas asociadas con el nombre [NR] | 1940- |
| Subdivisión general [R] | Crítica e interpretación |
| 9 (RLIN) | 92996 |
| 600 14 - ASIENTO SECUNDARIO DE MATERIA - NOMBRE PERSONAL [R] | |
| Nombre personal [NR] | Rapoport, Amos |
| Fechas asociadas con el nombre [NR] | 1929- |
| Subdivisión general [R] | Crítica e interpretación |
| 9 (RLIN) | 92997 |
| 650 #7 - ASIENTO SECUNDARIO DE MATERIA - TERMINO TEMATICO [R] | |
| Término temático o nombre geográfico como elemento de entrada [NR] | Arquitectura doméstica |
| Subdivisión geográfica [R] | Valle de Aburrá (Antioquia, Colombia) |
| 9 (RLIN) | 9401 |
| 650 #7 - ASIENTO SECUNDARIO DE MATERIA - TERMINO TEMATICO [R] | |
| Término temático o nombre geográfico como elemento de entrada [NR] | Simbolismo |
| Subdivisión general [R] | Arquitectura |
| Subdivisión geográfica [R] | Valle de Aburrá (Antioquia, Colombia) |
| 9 (RLIN) | 24414 |
| 942 ## - ELEMENTOS DE ENTRADA AGREGADOS (KOHA) | |
| Sistema de clasificación | DEWEY |
| Tema principal | Arte |
| Tipo de ítem principal el descrito en 300a | Libro |
| Edición | 1 |
| Clasificación | 728.3 |
| Parte restante de la signatura top. | C512c |
| Fecha de último préstamo | Total préstamos | Signatura topográfica | Código de barras | Última vez visto | Ejemplar | Costo de reposición | Price effective from | Tipo de ítem | Perdido | Sistema de clasificación | Dañado | No prestable | Tipo de ítem específico | Suprimido | Ubicación habitual | Ubicación actual | Localización | Fecha de creación | Proveedor | Forma de adquisición | Costo |
|---|---|---|---|---|---|---|---|---|---|---|---|---|---|---|---|---|---|---|---|---|---|
| 11/07/2018 | 1 | 728.3 C512c | 100157693 | 06/12/2025 | Ej.1 | 26000.00 | 06/07/2018 | Libro | DEWEY | Libro | Claustro | Claustro | 2do piso | 06/07/2018 | 12 | Donación | 26000.00 |